[Event "London Classic rapid op 7th"]
[Site "London"]
[Date "2015.12.12"]
[Round "3"]
[White "Pert, Richard G"]
[Black "Hansen, Eric"]
[Result "1/2-1/2"]
[WhiteElo "2448"]
[BlackElo "2573"]
[PlyCount "105"]
[GameId "1166660120625152"]
[EventDate "2015.12.12"]
[EventType "swiss (rapid)"]
[EventRounds "10"]
[EventCountry "ENG"]
[SourceTitle "CBM 169 Extra"]
[Source "ChessBase"]
[SourceDate "2015.12.18"]
[SourceVersion "1"]
[SourceVersionDate "2015.12.18"]
[SourceQuality "1"]

1. d4 Nf6 2. Bg5 d5 3. Bxf6 exf6 4. e3 Bd6 5. Bd3 f5 6. Nd2 c6 7. Qf3 g6 8. h3 h5 9. Ne2 Nd7 10. c4 Nf6 11. cxd5 cxd5 12. Nc3 Be6 13. Bb5+ Kf8 14. Qe2 Kg7 15. Nf3 Ne4 16. O-O g5 17. Ne5 g4 18. Qe1 gxh3 19. f4 hxg2 20. Kxg2 Kf8 21. Kh1 Rg8 22. Nxe4 dxe4 23. Rc1 a6 24. Be2 Rc8 25. Rxc8 Qxc8 26. Rg1 Rxg1+ 27. Qxg1 Be7 28. b3 b5 29. Bxh5 Bf6 30. Qd1 Bd5 31. Qd2 Qd8 32. Bd1 Bg7 33. Kg2 Qd6 34. Qc3 Be6 35. Be2 Bf6 36. a4 bxa4 37. bxa4 Be7 38. a5 Kg7 39. Nc6 Bf6 40. Bxa6 Bd5 41. Bb5 Bh4 42. Ne5 Bd8 43. Bc6 f6 44. Bxd5 fxe5 45. Qc6 Qxc6 46. Bxc6 exd4 47. a6 Bb6 48. exd4 Bxd4 49. Kg3 Kf6 50. Bd7 Kg6 51. Bc8 Kf6 52. Bd7 Kg6 53. Bc8 1/2-1/2

[Event "London Classic rapid op 7th"]
[Site "London"]
[Date "2015.12.13"]
[Round "7"]
[White "Sadler, Matthew D"]
[Black "Hansen, Eric"]
[Result "0-1"]
[WhiteElo "2659"]
[BlackElo "2573"]
[PlyCount "60"]
[GameId "1166660120961024"]
[EventDate "2015.12.12"]
[EventType "swiss (rapid)"]
[EventRounds "10"]
[EventCountry "ENG"]
[SourceTitle "CBM 169 Extra"]
[Source "ChessBase"]
[SourceDate "2015.12.18"]
[SourceVersion "1"]
[SourceVersionDate "2015.12.18"]
[SourceQuality "1"]

1. e4 c5 2. Nf3 e6 3. d3 d5 4. Nbd2 Nc6 5. g3 Bd6 6. Bg2 Nge7 7. O-O O-O 8. Re1 Qc7 9. a3 Bd7 10. c3 d4 11. cxd4 cxd4 12. Nc4 e5 13. Bd2 b5 14. Nxd6 Qxd6 15. Nh4 b4 16. f4 bxa3 17. bxa3 Rfb8 18. Nf5 Qe6 19. fxe5 Ng6 20. Rc1 Ngxe5 21. Bf4 Rb2 22. Re2 Rab8 23. Rec2 Rxc2 24. Qxc2 g6 25. Nh6+ Kg7 26. Rf1 f6 27. g4 Qb3 28. Qc5 Nxd3 29. Qd6 Nxf4 30. g5 fxg5 0-1

[Event "London Classic rapid op 7th"]
[Site "London"]
[Date "2015.12.13"]
[Round "10"]
[White "Hansen, Eric"]
[Black "Speelman, Jonathan S"]
[Result "1-0"]
[WhiteElo "2573"]
[BlackElo "2517"]
[PlyCount "43"]
[GameId "1166660121178112"]
[EventDate "2015.12.12"]
[EventType "swiss (rapid)"]
[EventRounds "10"]
[EventCountry "ENG"]
[SourceTitle "CBM 169 Extra"]
[Source "ChessBase"]
[SourceDate "2015.12.18"]
[SourceVersion "1"]
[SourceVersionDate "2015.12.18"]
[SourceQuality "1"]

1. e4 c6 2. d4 d5 3. e5 c5 4. dxc5 e6 5. a3 Nd7 6. Nf3 Qc7 7. b4 Nxe5 8. Bb2 Nd7 9. c4 dxc4 10. Bxc4 Ngf6 11. Bb5 Be7 12. Be5 Qd8 13. c6 Nxe5 14. c7+ Qd7 15. Bxd7+ Nexd7 16. Nc3 O-O 17. O-O b6 18. Nb5 Nd5 19. Rc1 Bb7 20. Nfd4 a6 21. Nc3 Nxc7 22. Nxe6 1-0

[Event "Olympiad-42"]
[Site "Baku"]
[Date "2016.09.13"]
[Round "11.4"]
[White "Hansen, Eric"]
[Black "Shankland, Samuel L"]
[Result "1-0"]
[WhiteElo "2582"]
[BlackElo "2679"]
[PlyCount "83"]
[GameId "1163838544941056"]
[EventDate "2016.09.02"]
[EventType "team-swiss"]
[EventRounds "11"]
[EventCountry "AZE"]
[SourceTitle "CBM 175"]
[Source "ChessBase"]
[SourceDate "2016.11.10"]
[SourceVersion "1"]
[SourceVersionDate "2016.11.10"]
[SourceQuality "1"]
[WhiteTeam "Canada"]
[BlackTeam "United States"]
[WhiteTeamCountry "CAN"]
[BlackTeamCountry "USA"]

1. e4 e5 2. Nf3 Nc6 3. Bb5 Nf6 4. d3 Bc5 5. c3 O-O 6. O-O d6 7. h3 Ne7 8. d4 Bb6 9. Bd3 Ng6 10. Re1 Re8 11. Nbd2 c6 12. Nf1 d5 13. Bg5 dxe4 14. Rxe4 h6 15. Bxf6 Qxf6 16. Re1 Bf5 17. Bxf5 Qxf5 18. Ng3 Qf6 19. Nh5 Qf5 20. Ng3 Qf6 21. Nh5 Qf5 22. g4 Qc8 23. Nxe5 Nxe5 24. dxe5 Qc7 25. Qe2 Rad8 26. Nf4 Rd7 27. Kg2 Kh8 28. Rac1 a6 29. Rc2 Qd8 30. Qf3 Bc7 31. Rce2 Rd2 32. Rxd2 Qxd2 33. Re2 Qd7 34. e6 fxe6 35. Nxe6 Bd6 36. Qf5 Re7 37. f4 Qe8 38. Kf3 Kg8 39. Qd3 Bb8 40. f5 Rd7 41. Qe4 Qe7 42. Nc5 1-0

[Event "PRO League Stage"]
[Site "Chess.com INT"]
[Date "2017.02.11"]
[Round "5"]
[White "Hansen, Eric"]
[Black "Hammer, Jon Ludvig"]
[Result "1-0"]
[WhiteElo "2603"]
[BlackElo "2628"]
[PlyCount "151"]
[GameId "1088370457866240"]
[EventDate "2017.01.11"]
[EventType "team-swiss (rapid)"]
[EventRounds "7"]
[EventCountry "USA"]
[SourceTitle "CBM 176 Extra"]
[Source "ChessBase"]
[SourceDate "2017.03.02"]
[SourceVersion "1"]
[SourceVersionDate "2017.03.02"]
[SourceQuality "1"]
[WhiteTeam "Montreal ChessBrahs"]
[BlackTeam "Norway Gnomes"]
[WhiteTeamCountry "CAN"]
[BlackTeamCountry "NOR"]

1. e4 e5 2. Nf3 Nc6 3. Bb5 Nf6 4. O-O Nxe4 5. Re1 Nd6 6. Nxe5 Be7 7. Bf1 Nxe5 8. Rxe5 O-O 9. d4 Bf6 10. Re2 Re8 11. Nc3 Rxe2 12. Qxe2 Qe8 13. Nd5 Bd8 14. Qf3 Qe4 15. Qxe4 Nxe4 16. Bf4 c6 17. Nc7 Bxc7 18. Bxc7 d5 19. f3 Nf6 20. Bd3 Be6 21. a4 Re8 22. Kf2 Bd7 23. Be5 h6 24. a5 a6 25. Ke2 Nh7 26. Kd2 Nf8 27. Bd6 Ne6 28. Kc3 Rc8 29. f4 f6 30. Re1 c5 31. dxc5 Nxc5 32. Bxc5 Rxc5+ 33. Kb4 Rc7 34. h4 Kf8 35. b3 Be8 36. Re6 Bf7 37. Re1 Be8 38. g3 Bf7 39. c3 Be8 40. Bf1 Bf7 41. Bg2 Rd7 42. Re3 Rd6 43. Kc5 Rc6+ 44. Kd4 Rd6 45. b4 g6 46. Bf3 h5 47. Bg2 Bg8 48. Bh1 Bf7 49. Bf3 Be6 50. f5 gxf5 51. Bxh5 Rc6 52. Be2 Kf7 53. h5 Rc8 54. Bd3 Rh8 55. g4 Bd7 56. Kxd5 fxg4 57. Kd6 Ba4 58. Bg6+ Kf8 59. Rg3 f5 60. Bxf5 Rxh5 61. Bxg4 Rh6+ 62. Kc7 Rh7+ 63. Kb6 Bc6 64. Bc8 Ke8 65. Rd3 Rh6 66. Ka7 Rh7 67. Kb8 Rg7 68. Rd4 Rg3 69. c4 Rg7 70. Rh4 Kd8 71. Rh8+ Ke7 72. Bxb7 Bxb7 73. Kxb7 Rg4 74. Rc8 Kd7 75. Rc5 Kd6 76. Kxa6 1-0

[Event "PRO League Stage"]
[Site "Chess.com INT"]
[Date "2017.02.22"]
[Round "7"]
[White "Hansen, Eric"]
[Black "Smith, Bryan G"]
[Result "1-0"]
[WhiteElo "2603"]
[BlackElo "2423"]
[PlyCount "133"]
[GameId "1089844240658432"]
[EventDate "2017.01.11"]
[EventType "team-swiss (rapid)"]
[EventRounds "7"]
[EventCountry "USA"]
[SourceTitle "EXT 2018"]
[Source "ChessBase"]
[SourceDate "2017.10.13"]
[SourceVersion "1"]
[SourceVersionDate "2017.10.13"]
[SourceQuality "1"]
[WhiteTeam "Montreal ChessBrahs"]
[BlackTeam "Philadelphia Inventors"]
[WhiteTeamCountry "CAN"]
[BlackTeamCountry "USA"]

1. e4 c5 2. Nf3 d6 3. Bb5+ Bd7 4. Bc4 Nf6 5. d3 Nc6 6. a3 e6 7. O-O Be7 8. Nc3 O-O 9. Re1 a6 10. Ba2 b5 11. Ne2 d5 12. e5 Ng4 13. Nf4 Qc7 14. Qe2 Rae8 15. h3 Nh6 16. c3 Nf5 17. Nh5 Qd8 18. Bf4 f6 19. exf6 Bxf6 20. Bh2 Kh8 21. Rad1 a5 22. Nxf6 Qxf6 23. Ne5 Nxe5 24. Bxe5 Qg6 25. Qg4 Qf7 26. Re2 Nh6 27. Qg5 Nf5 28. Rde1 h6 29. Qg4 Kh7 30. Bb1 Rc8 31. d4 cxd4 32. Bxd4 Kg8 33. Bxf5 exf5 34. Qh4 Rce8 35. Re7 Qg6 36. Rxg7+ Qxg7 37. Rxe8 Qg6 38. Re7 Rf7 39. Re5 Qg5 40. Qxg5+ hxg5 41. Rxd5 Re7 42. Kf1 Kf7 43. Bc5 Be6 44. Rd6 Bc4+ 45. Kg1 Re1+ 46. Kh2 Re2 47. b4 a4 48. Bd4 Ra2 49. Rf6+ Ke7 50. Rxf5 Rxa3 51. Rxg5 Ra1 52. h4 a3 53. Rg7+ Ke6 54. Ra7 a2 55. h5 Re1 56. h6 a1=Q 57. Rxa1 Rxa1 58. h7 Ra8 59. h8=Q Rxh8+ 60. Bxh8 Kf5 61. Kg3 Bd5 62. f3 Bc4 63. Bd4 Bd5 64. Kf2 Bc4 65. g4+ Kg5 66. Kg3 Be6 67. f4+ 1-0

[Event "PRO League Stage"]
[Site "Chess.com INT"]
[Date "2017.02.22"]
[Round "7"]
[White "Vovk, Andrey"]
[Black "Hansen, Eric"]
[Result "0-1"]
[WhiteElo "2633"]
[BlackElo "2603"]
[PlyCount "180"]
[GameId "1089844242792448"]
[EventDate "2017.01.11"]
[EventType "team-swiss (rapid)"]
[EventRounds "7"]
[EventCountry "USA"]
[SourceTitle "EXT 2018"]
[Source "ChessBase"]
[SourceDate "2017.10.13"]
[SourceVersion "1"]
[SourceVersionDate "2017.10.13"]
[SourceQuality "1"]
[WhiteTeam "Philadelphia Inventors"]
[BlackTeam "Montreal ChessBrahs"]
[WhiteTeamCountry "USA"]
[BlackTeamCountry "CAN"]

1. e4 e5 2. Nf3 Nc6 3. Bc4 Bc5 4. c3 Nf6 5. d3 d6 6. b4 Bb6 7. a4 a5 8. b5 Ne7 9. Nbd2 O-O 10. Ba2 Ng6 11. Nc4 Bc5 12. O-O Be6 13. d4 exd4 14. cxd4 Bb4 15. d5 Bg4 16. h3 Bxf3 17. Qxf3 Re8 18. Bb1 Nd7 19. Bb2 Nde5 20. Nxe5 dxe5 21. g3 Nf8 22. Bc2 Nd7 23. Kh2 Rc8 24. Rad1 Qe7 25. Qg4 Nf6 26. Qe2 c6 27. dxc6 bxc6 28. Bb3 cxb5 29. axb5 Bc3 30. Bxc3 Rxc3 31. Rd3 Rxd3 32. Qxd3 Rd8 33. Qe3 Qb4 34. Qb6 Rf8 35. Bd5 h5 36. h4 a4 37. Qc6 a3 38. b6 Nxd5 39. exd5 Rb8 40. d6 Qxb6 41. Qxb6 Rxb6 42. Rd1 Rb8 43. Rd3 Rd8 44. Rxa3 Rxd6 45. Kg2 Kh7 46. Ra5 f6 47. Ra8 Kg6 48. Rh8 e4 49. Re8 Kf5 50. Rh8 g6 51. Re8 Rd2 52. Re7 Rd5 53. Re8 Re5 54. Rf8 Re6 55. Rg8 Ra6 56. Rg7 Ra4 57. Rg8 Ra2 58. Re8 Re2 59. Kf1 Rd2 60. Kg2 Rd6 61. Rg8 Re6 62. Rg7 e3 63. fxe3 Rxe3 64. Kf2 Rb3 65. Kg2 Rb2+ 66. Kf3 Rb3+ 67. Kg2 Rb4 68. Rc7 Kg4 69. Rc2 f5 70. Rc6 Rb2+ 71. Kg1 Kxg3 72. Rxg6+ Kf3 73. Rg8 Rb4 74. Rg5 f4 75. Rxh5 Rb1+ 76. Kh2 Rb2+ 77. Kh3 Rb1 78. Kh2 Kf2 79. Re5 f3 80. h5 Rb4 81. Kh3 Kf1 82. Rf5 f2 83. h6 Rb6 84. Rh5 Rg6 85. h7 Kg1 86. Rf5 Rh6+ 87. Kg3 Rxh7 88. Rxf2 Rg7+ 89. Kh3 Kxf2 90. Kh4 Kf3 0-1

[Event "Tata Steel-B 79th"]
[Site "Wijk aan Zee"]
[Date "2017.01.20"]
[Round "6"]
[White "Hansen, Eric"]
[Black "Xiong, Jeffery"]
[Result "1-0"]
[WhiteElo "2603"]
[BlackElo "2667"]
[PlyCount "83"]
[GameId "1163838648631296"]
[EventDate "2017.01.14"]
[EventType "tourn"]
[EventRounds "13"]
[EventCountry "NED"]
[EventCategory "14"]
[SourceTitle "CBM 177"]
[Source "ChessBase"]
[SourceDate "2017.03.16"]
[SourceVersion "1"]
[SourceVersionDate "2017.03.16"]
[SourceQuality "1"]

1. e4 Nf6 2. e5 Nd5 3. d4 d6 4. Nf3 g6 5. Bc4 c6 6. O-O Bg7 7. exd6 Qxd6 8. Re1 O-O 9. c3 Bg4 10. Nbd2 Nd7 11. h3 Bxf3 12. Nxf3 e6 13. a4 a5 14. Bg5 N7b6 15. Bf1 c5 16. dxc5 Qxc5 17. Qb3 Rfc8 18. Rad1 h6 19. Bc1 Rd8 20. Nd4 Rd6 21. Nb5 Rd7 22. g3 Rad8 23. h4 Nc8 24. Na3 Nd6 25. Nc4 Nf5 26. Qb5 Qc7 27. Rd3 Rc8 28. Rf3 b6 29. Qb3 Nfe7 30. Rd1 Nf5 31. Na3 Bf8 32. Nb5 Qb8 33. h5 Bc5 34. hxg6 fxg6 35. Bf4 Qb7 36. Bg2 Rf8 37. Rfd3 g5 38. Rxd5 exd5 39. Rxd5 Rdf7 40. Rxc5 Qe7 41. Rxf5 gxf4 42. Rxf4 {and Black resigned.} 1-0

[Event "PRO League KO Stage"]
[Site "Chess.com INT"]
[Date "2017.03.08"]
[Round "2"]
[White "Hansen, Eric"]
[Black "Checa, Nicolas D"]
[Result "1/2-1/2"]
[WhiteElo "2616"]
[BlackElo "2400"]
[PlyCount "133"]
[GameId "1096181902024704"]
[EventDate "2017.03.01"]
[EventType "team-k.o. (rapid)"]
[EventRounds "5"]
[EventCountry "USA"]
[SourceTitle "CBM 177 Extra"]
[Source "ChessBase"]
[SourceDate "2017.04.27"]
[SourceVersion "1"]
[SourceVersionDate "2017.04.27"]
[SourceQuality "1"]
[WhiteTeam "Montreal ChessBrahs"]
[BlackTeam "Montclair Sopranos"]
[WhiteTeamCountry "CAN"]
[BlackTeamCountry "USA"]

1. e4 e6 2. d4 d5 3. Nc3 Bb4 4. e5 Ne7 5. a3 Bxc3+ 6. bxc3 c5 7. h4 Qc7 8. Nf3 b6 9. Bb5+ Bd7 10. Bd3 Ba4 11. Bd2 h6 12. h5 Nbc6 13. Rh4 c4 14. Be2 O-O-O 15. Rg4 g5 16. hxg6 fxg6 17. Rh4 Nf5 18. Rh1 g5 19. Nh2 Ncxd4 20. cxd4 Nxd4 21. Ra2 Qxe5 22. Bc3 Nf3+ 23. Nxf3 Qxc3+ 24. Qd2 Qf6 25. Qd4 Qxd4 26. Nxd4 Kd7 27. Bg4 Kd6 28. c3 e5 29. Nf5+ Kc5 30. Re2 Rde8 31. Rxh6 Rxh6 32. Nxh6 Rh8 33. Rxe5 Rxh6 34. Bf3 Rh1+ 35. Kd2 Bc6 36. Bd1 b5 37. Rxg5 a5 38. Rg6 Bd7 39. Rg7 Bf5 40. g4 Bd3 41. Rc7+ Kd6 42. Rb7 Kc5 43. Rc7+ Kd6 44. Rb7 Kc6 45. Rb8 Rf1 46. f4 Rxf4 47. Ke3 Re4+ 48. Kf2 Re6 49. Bf3 Kc5 50. Rc8+ Rc6 51. Rxc6+ Kxc6 52. Ke3 Kc5 53. g5 Bg6 54. Bd1 Be4 55. Bh5 b4 56. axb4+ axb4 57. cxb4+ Kxb4 58. Kd4 Kb3 59. g6 c3 60. g7 c2 61. g8=Q c1=Q 62. Qb8+ Ka2 63. Qa7+ Kb1 64. Qb6+ Qb2+ 65. Qxb2+ Kxb2 66. Bf7 Kb3 67. Bxd5+ 1/2-1/2

[Event "PRO League KO Stage"]
[Site "Chess.com INT"]
[Date "2017.03.08"]
[Round "2"]
[White "Hess, Robert L"]
[Black "Hansen, Eric"]
[Result "1/2-1/2"]
[WhiteElo "2571"]
[BlackElo "2616"]
[PlyCount "64"]
[GameId "1096181902311424"]
[EventDate "2017.03.01"]
[EventType "team-k.o. (rapid)"]
[EventRounds "5"]
[EventCountry "USA"]
[SourceTitle "CBM 177 Extra"]
[Source "ChessBase"]
[SourceDate "2017.04.27"]
[SourceVersion "1"]
[SourceVersionDate "2017.04.27"]
[SourceQuality "1"]
[WhiteTeam "Montclair Sopranos"]
[BlackTeam "Montreal ChessBrahs"]
[WhiteTeamCountry "USA"]
[BlackTeamCountry "CAN"]

1. d4 d5 2. Nf3 Nf6 3. Bf4 g6 4. e3 Bg7 5. c4 O-O 6. Nc3 c5 7. Qb3 cxd4 8. Nxd4 dxc4 9. Bxc4 Nbd7 10. Bg3 Nc5 11. Qc2 Nh5 12. Rd1 Nxg3 13. hxg3 Qa5 14. a3 e5 15. Ndb5 Bf5 16. Qe2 Ne4 17. g4 Nxc3 18. Nxc3 Bc8 19. O-O a6 20. Qf3 Qc7 21. Ba2 Qe7 22. Ne4 Qh4 23. Nd6 Bxg4 24. Qe4 Qh5 25. f3 Bf5 26. Nxf5 gxf5 27. g4 Qh3 28. gxf5 Qg3+ 29. Kh1 Qh3+ 30. Kg1 Qg3+ 31. Kh1 Qh3+ 32. Kg1 Qg3+ 1/2-1/2

[Event "Titled Tuesday intern op 17th April"]
[Site "Chess.com INT"]
[Date "2017.11.07"]
[Round "10"]
[White "Brown, Michael William"]
[Black "Hansen, Eric"]
[Result "0-1"]
[WhiteElo "2514"]
[BlackElo "2629"]
[PlyCount "82"]
[GameId "1515669516062720"]
[EventDate "2017.04.17"]
[EventType "swiss (blitz)"]
[EventRounds "10"]
[EventCountry "USA"]
[SourceTitle "EXT 2021"]
[Source "ChessBase"]
[SourceDate "2020.10.23"]
[SourceVersion "1"]
[SourceVersionDate "2020.10.23"]
[SourceQuality "1"]

1. d4 Nf6 2. c4 e6 3. g3 d5 4. Bg2 Bb4+ 5. Nd2 O-O 6. Ngf3 c6 7. O-O b6 8. b3 Bb7 9. Bb2 Nbd7 10. Qc2 Rc8 11. a3 Be7 12. e4 c5 13. exd5 exd5 14. Nh4 Re8 15. Nf5 Bf8 16. Ne3 cxd4 17. Bxd4 Rc7 18. Qb2 dxc4 19. Bxb7 c3 20. Bxc3 Rxb7 21. Rad1 Qa8 22. Ndc4 Rc7 23. Rfe1 b5 24. Bxf6 Nxf6 25. Nd2 Bc5 26. Ndf1 h5 27. h4 Rce7 28. b4 Bb6 29. Re2 Ng4 30. Rde1 Ne5 31. Nh2 Nd3 32. Qc3 Nxe1 33. Rxe1 Bxe3 34. fxe3 Qe4 35. Qc5 Qc4 36. Qxh5 Rxe3 37. Rxe3 Rxe3 38. Nf1 Rxa3 39. Qf5 Ra2 40. Ne3 Qc1+ 41. Nf1 Qc2 0-1

[Event "Titled Tuesday intern op 5th June"]
[Site "Chess.com INT"]
[Date "2018.06.05"]
[Round "6"]
[White "Aghasiyev, Kamal"]
[Black "Hansen, Eric"]
[Result "0-1"]
[WhiteElo "2441"]
[BlackElo "2629"]
[PlyCount "146"]
[GameId "1515677955866624"]
[EventDate "2018.06.05"]
[EventType "swiss (blitz)"]
[EventRounds "10"]
[EventCountry "USA"]
[SourceTitle "EXT 2021"]
[Source "ChessBase"]
[SourceDate "2020.10.23"]
[SourceVersion "1"]
[SourceVersionDate "2020.10.23"]
[SourceQuality "1"]

1. d4 Nf6 2. c4 e6 3. Nc3 Bb4 4. e3 O-O 5. Nge2 d5 6. a3 Be7 7. cxd5 exd5 8. Nf4 c6 9. Bd3 Na6 10. O-O Nc7 11. b4 Bd6 12. Rb1 a6 13. h3 Re8 14. Qf3 Qe7 15. Bb2 a5 16. bxa5 Bxa3 17. Na4 Rxa5 18. Bxa3 Qxa3 19. Nc5 Ra7 20. Qg3 b5 21. Ra1 Qxa1 22. Rxa1 Rxa1+ 23. Kh2 Ra7 24. Ne2 Ne6 25. Qd6 Nxc5 26. dxc5 Bd7 27. Nd4 Rc8 28. f3 b4 29. g4 h6 30. h4 Ra3 31. Bf5 Bxf5 32. Nxf5 Re8 33. g5 hxg5 34. hxg5 Re6 35. Qb8+ Ne8 36. Qxb4 Raxe3 37. Nxe3 Rxe3 38. Kg3 g6 39. Qb7 Re6 40. Qd7 Ng7 41. Kf4 Nf5 42. Qc8+ Kg7 43. Qa8 d4 44. Qa1 Re7 45. Qa6 Re6 46. Qa1 Kg8 47. Qa8+ Kg7 48. Qa1 Re8 49. Qa6 d3 50. Qxc6 Re2 51. Qf6+ Kg8 52. Qd8+ Kg7 53. Qxd3 Re6 54. Qd5 Ne7 55. Qd4+ Kg8 56. Qd8+ Kg7 57. Qd7 Kg8 58. Kg4 Kg7 59. Qd4+ Kg8 60. Qc3 Nc6 61. Qa3 Ne5+ 62. Kg3 Nc6 63. Qa8+ Kg7 64. f4 Re3+ 65. Kg4 Re6 66. Qa1+ Kg8 67. Qd1 Kg7 68. Qd7 Kg8 69. Qc8+ Kg7 70. Qc7 Kg8 71. f5 Ne5+ 72. Kf4 Nd3+ 73. Kg3 Re3+ 0-1

[Event "chess.com Speed Inv Qual"]
[Site "Chess.com INT"]
[Date "2018.06.26"]
[Round "1.1"]
[White "Hansen, Eric"]
[Black "Hammer, Jon Ludvig"]
[Result "1-0"]
[WhiteElo "2629"]
[BlackElo "2631"]
[PlyCount "109"]
[GameId "1268692321968128"]
[EventDate "2018.06.26"]
[EventType "k.o. (blitz)"]
[EventRounds "2"]
[EventCountry "USA"]
[SourceTitle "CBM 185 Extra"]
[Source "ChessBase"]
[SourceDate "2018.07.29"]
[SourceVersion "1"]
[SourceVersionDate "2018.07.29"]
[SourceQuality "1"]

1. e4 e5 2. Nf3 Nc6 3. Bb5 Nf6 4. d3 Bc5 5. c3 O-O 6. O-O Re8 7. Re1 a6 8. Ba4 b5 9. Bb3 h6 10. Nbd2 Bf8 11. Nf1 d5 12. exd5 Nxd5 13. Ng3 Nf6 14. a4 b4 15. a5 Bb7 16. Bc4 Qd7 17. h3 Rab8 18. Qe2 Bc5 19. Ne4 Nxe4 20. dxe4 Qe7 21. Bxa6 bxc3 22. bxc3 Bxa6 23. Qxa6 Qe6 24. Qe2 Rb3 25. Bd2 Ra8 26. a6 Bb6 27. Qd3 Na5 28. Be3 Qc4 29. Nxe5 Qxd3 30. Nxd3 Rxc3 31. Bxb6 cxb6 32. Nb4 Rc4 33. Rab1 Nc6 34. Nd5 Rxa6 35. Rxb6 Rxb6 36. Nxb6 Rc2 37. Nd5 g5 38. Kf1 Kg7 39. Ne3 Ra2 40. Nf5+ Kg6 41. Rd1 Ne5 42. Rd6+ f6 43. g3 h5 44. Ne7+ Kg7 45. Nd5 Nd3 46. Rxf6 Ra4 47. Rf5 Rxe4 48. Rxg5+ Kh6 49. Rxh5+ Kg6 50. g4 Re1+ 51. Kg2 Rd1 52. Rf5 Ne1+ 53. Kg3 Rd3+ 54. f3 Nc2 55. Nf4+ 1-0

[Event "chess.com Speed Inv Qual"]
[Site "Chess.com INT"]
[Date "2018.06.26"]
[Round "1.2"]
[White "Hammer, Jon Ludvig"]
[Black "Hansen, Eric"]
[Result "1-0"]
[WhiteElo "2631"]
[BlackElo "2629"]
[PlyCount "107"]
[GameId "1268692321972224"]
[EventDate "2018.06.26"]
[EventType "k.o. (blitz)"]
[EventRounds "2"]
[EventCountry "USA"]
[SourceTitle "CBM 185 Extra"]
[Source "ChessBase"]
[SourceDate "2018.07.29"]
[SourceVersion "1"]
[SourceVersionDate "2018.07.29"]
[SourceQuality "1"]

1. d4 Nf6 2. c4 e6 3. Nf3 d5 4. Nc3 Be7 5. Bf4 O-O 6. e3 Nbd7 7. c5 Nh5 8. Be2 Nxf4 9. exf4 c6 10. O-O Qc7 11. g3 b6 12. b4 a5 13. a3 Ba6 14. Bxa6 Rxa6 15. Qe2 Rfa8 16. b5 R6a7 17. bxc6 Qxc6 18. Nb5 Rb7 19. cxb6 Qxb6 20. a4 Nf6 21. Rac1 Bd6 22. Rc2 Qd8 23. Rfc1 h6 24. Rc6 Bf8 25. Ne5 Ne8 26. Qg4 Nf6 27. Qf3 Ne4 28. f5 exf5 29. Qxf5 Qg5 30. Qxg5 hxg5 31. Rc8 Rbb8 32. R8c7 f6 33. Nd7 Re8 34. Nxf8 Kxf8 35. Rd7 Rac8 36. Nc7 Kg8 37. f3 Nd2 38. Kf2 Red8 39. Rxd8+ Rxd8 40. Rc5 g4 41. Rxd5 Rc8 42. Ne6 Rc2 43. fxg4 Ra2 44. Rd7 g5 45. Rg7+ Kh8 46. Rf7 Ra3 47. d5 Ne4+ 48. Kg2 Kg8 49. Rf8+ Kh7 50. Rf7+ Kg8 51. Rg7+ Kh8 52. Re7 Kg8 53. Ra7 Rxa4 54. Kf3 1-0

[Event "chess.com Speed Inv Qual"]
[Site "Chess.com INT"]
[Date "2018.06.26"]
[Round "1.3"]
[White "Hansen, Eric"]
[Black "Hammer, Jon Ludvig"]
[Result "1-0"]
[WhiteElo "2629"]
[BlackElo "2631"]
[PlyCount "137"]
[GameId "1268692321976320"]
[EventDate "2018.06.26"]
[EventType "k.o. (blitz)"]
[EventRounds "2"]
[EventCountry "USA"]
[SourceTitle "CBM 185 Extra"]
[Source "ChessBase"]
[SourceDate "2018.07.29"]
[SourceVersion "1"]
[SourceVersionDate "2018.07.29"]
[SourceQuality "1"]

1. e4 e5 2. Nf3 Nc6 3. Bb5 Nf6 4. d3 Bc5 5. c3 O-O 6. O-O Re8 7. Re1 a6 8. Ba4 d5 9. exd5 Qxd5 10. Bb3 Qd6 11. Ng5 Nd8 12. Qf3 Bg4 13. Qg3 Bf5 14. Ne4 Nxe4 15. dxe4 Be6 16. Nd2 Bxb3 17. axb3 Qe6 18. b4 Bf8 19. Nf3 f6 20. h4 h5 21. Be3 Kh7 22. Nh2 Nf7 23. Qf3 g6 24. Red1 Rad8 25. Bc5 Bh6 26. Qe2 Qb3 27. Nf3 Kg7 28. Rdb1 Nd6 29. Bxd6 Rxd6 30. Ra3 Qe6 31. b5 axb5 32. Qxb5 Rb6 33. Qc5 Qd6 34. Qxd6 Rxd6 35. Ra7 Rb6 36. Kf1 f5 37. exf5 gxf5 38. Ke2 Kf6 39. b4 Rd8 40. Rba1 Rdd6 41. R1a5 Rdc6 42. Ra3 Rc4 43. g3 c5 44. bxc5 Rxc5 45. R7a5 Rbc6 46. Rxc5 Rxc5 47. Rb3 b5 48. Ne1 e4 49. Nc2 Bg7 50. Na3 Kg6 51. Nxb5 Be5 52. Ke3 Rc4 53. Nd4 Bxd4+ 54. cxd4 Rc2 55. Rb6+ Kf7 56. Rh6 Rc3+ 57. Ke2 Rc2+ 58. Ke1 Rc1+ 59. Kd2 Rc4 60. Rxh5 Rxd4+ 61. Ke2 Kf6 62. Rh6+ Ke5 63. Rg6 Ra4 64. h5 Ra2+ 65. Kf1 Ra1+ 66. Kg2 Ra2 67. Kf1 Ra1+ 68. Kg2 Ra2 69. h6 1-0

[Event "chess.com Speed Inv Qual"]
[Site "Chess.com INT"]
[Date "2018.06.26"]
[Round "1.4"]
[White "Hammer, Jon Ludvig"]
[Black "Hansen, Eric"]
[Result "1/2-1/2"]
[WhiteElo "2631"]
[BlackElo "2629"]
[PlyCount "174"]
[GameId "1268692321980416"]
[EventDate "2018.06.26"]
[EventType "k.o. (blitz)"]
[EventRounds "2"]
[EventCountry "USA"]
[SourceTitle "CBM 185 Extra"]
[Source "ChessBase"]
[SourceDate "2018.07.29"]
[SourceVersion "1"]
[SourceVersionDate "2018.07.29"]
[SourceQuality "1"]

1. d4 Nf6 2. c4 g6 3. Nf3 Bg7 4. g3 O-O 5. Bg2 c6 6. Nc3 d5 7. cxd5 cxd5 8. Ne5 Ng4 9. Nxg4 Bxg4 10. Bxd5 Nc6 11. h3 Bd7 12. e3 e5 13. dxe5 Nxe5 14. Bxb7 Rb8 15. Bg2 Qc8 16. O-O Bxh3 17. Nd5 Re8 18. e4 Bg4 19. f3 Be6 20. Rb1 Qa6 21. Bg5 h6 22. Be3 Nc4 23. Bd4 Bxd5 24. Bxg7 Bxe4 25. fxe4 Kxg7 26. Qd4+ Ne5 27. a3 Rb3 28. Rbc1 Qb6 29. Qxb6 axb6 30. Kh2 Rxb2 31. Rb1 Rxb1 32. Rxb1 Re6 33. a4 Rd6 34. Rb5 Ng4+ 35. Kh3 h5 36. Bf3 Nf2+ 37. Kg2 Rd2 38. Kf1 Nd3 39. Be2 Nc5 40. Rxb6 Nxa4 41. Rc6 Rd4 42. Bc4 Nb2 43. Bd5 Nd3 44. Rc4 Rxc4 45. Bxc4 Ne5 46. Bb3 Kf6 47. Kg2 Ke7 48. Kf2 Kd6 49. Ke3 Kc5 50. Ba2 f6 51. Bg8 Kd6 52. Bb3 Kc5 53. Ba2 Kd6 54. Bg8 Nd7 55. Bf7 Nf8 56. Kd4 Ke7 57. Bb3 Ne6+ 58. Ke3 Nc5 59. Ba2 Nd7 60. Kd4 Ne5 61. Ke3 Kf8 62. Bd5 Kg7 63. Kf4 Kh6 64. Be6 Nd3+ 65. Ke3 Ne5 66. Kf4 g5+ 67. Ke3 Kg6 68. Bf5+ Kf7 69. Bh3 Ke7 70. Bf1 Kf7 71. Be2 Kg6 72. Bf1 g4 73. Kf4 Kh6 74. Bb5 Kg7 75. Be8 Ng6+ 76. Kf5 h4 77. Kxg4 hxg3 78. Kxg3 Ne5 79. Kf4 Kf8 80. Bh5 Ke7 81. Be2 Nd7 82. Bf1 Ne5 83. Bh3 Nf7 84. Bf5 Ne5 85. Ke3 Kf7 86. Kf4 Ke7 87. Ke3 Kf7 1/2-1/2